| 000 | 00739nam a2200253Ia 4500 | ||
|---|---|---|---|
| 003 | GCL | ||
| 008 | 140319s9999 xx 000 0 ara d | ||
| 040 |
_aGCL / _cGCL |
||
| 082 | 0 | 4 |
_aق _b323.11924 _bع م |
| 100 | 1 | _aعرفة عبده على | |
| 245 | 1 | 0 |
_aملف اليهود فى مصر الحديثة / _cعرفة عبده على |
| 260 |
_a[S.N] : _bمكتبة مدبولى |
||
| 300 | _a242 ص | ||
| 490 | _a | ||
| 650 | 0 | 4 | _aمصر |
| 650 | 0 | 4 | _aتاريخ |
| 650 | 0 | 4 | _aالاحوال الاجتماعية |
| 650 | 0 | 4 | _aالاحوال السياسية |
| 650 | 0 | 4 | _aاليهود فى مصر |
| 650 | 0 | 4 | _aالاحوال الثقافية |
| 650 | 0 | 4 | _aوثائق |
| 650 | 0 | 4 | _aالاحتفالات |
| 942 |
_2ddc _cBK |
||
| 999 |
_c57739 _d57739 |
||